నాకూ వుంది ఒక కల (Record no. 25326)
[ view plain ]
| 000 -LEADER | |
|---|---|
| fixed length control field | 01982nam a22003377a 4500 |
| 005 - DATE AND TIME OF LATEST TRANSACTION | |
| control field | 20090318104544.0 |
| 008 - FIXED-LENGTH DATA ELEMENTS--GENERAL INFORMATION | |
| fixed length control field | 090212t xxu||||| |||| 00| 0 eng d |
| 010 ## - LCCN (DPL NO) | |
| LC control number | TEL-5045 |
| 020 ## - INTERNATIONAL STANDARD BOOK NUMBER | |
| Terms of availability | 125.00 |
| International Standard Book Number | 8182940346 |
| 035 ## - SYSTEM CONTROL NUMBER | |
| System control number | TL-4051 |
| 037 ## - SOURCE OF ACQUISITION | |
| Source of stock number/acquisition | DBAD / PUB |
| 040 ## - CATALOGING SOURCE | |
| Original cataloging agency | dpl |
| Language of cataloging | Telugu |
| 082 ## - DEWEY DECIMAL CLASSIFICATION NUMBER | |
| Classification number | 636.2142092 |
| 100 ## - MAIN ENTRY--PERSONAL NAME | |
| Personal name | కురియన్, వర్గీస్ |
| 245 ## - TITLE STATEMENT | |
| Title | నాకూ వుంది ఒక కల |
| Statement of responsibility, etc | / వర్గీస్ కురియన్; అనువాదం తుమ్మల పద్మిని, అత్తలూరి నరసింహారావు |
| Remainder of title | :పాల విప్లవ పితామహుడి వ్యక్తిత్వ వికాసం |
| 246 ## - VARYING FORM OF TITLE | |
| Title proper/short title | Naku undi oka kala |
| Remainder of title | Verghese Kurien |
| 260 ## - PUBLICATION, DISTRIBUTION, ETC. (IMPRINT) | |
| Place of publication, distribution, etc | విజయవాడ |
| Name of publisher, distributor, etc | అలకనంద ప్రచురణలు |
| Date of publication, distribution, etc | 2007 |
| 270 ## - ADDRESS | |
| Address | 59-6-15, కంచుకోట వీధి, మేరిస్ స్టెల్లా కాలేజి ఎదురుగా, |
| City | విజయవాడ |
| Postal code | 520 008 |
| 300 ## - PHYSICAL DESCRIPTION | |
| Extent | 223పే. |
| Dimensions | 23 సె.మీ. |
| 520 ## - SUMMARY, ETC. | |
| Summary, etc | Autobiographical reminiscences of Verghese Kurien, pioneer of the cooperative dairy movement in India |
| 600 ## - SUBJECT ADDED ENTRY--PERSONAL NAME | |
| Personal name | కురియన్, వర్గీస్ 1921- |
| 600 ## - SUBJECT ADDED ENTRY--PERSONAL NAME | |
| Personal name | Kurien, Verghese 1921- |
| 650 ## - SUBJECT ADDED ENTRY--TOPICAL TERM | |
| Topical term or geographic name as entry element | పాల ఉత్పత్తి, సహకార |
| Geographic subdivision | భారతదేశం |
| 650 ## - SUBJECT ADDED ENTRY--TOPICAL TERM | |
| Topical term or geographic name as entry element | Dairying, Cooperative |
| Geographic subdivision | India |
| 650 ## - SUBJECT ADDED ENTRY--TOPICAL TERM | |
| Source of heading or term | పాల ఉత్పత్తి దారులు |
| Form subdivision | జీవిత చరిత్ర |
| Geographic subdivision | భారతదేశం |
| 650 ## - SUBJECT ADDED ENTRY--TOPICAL TERM | |
| Source of heading or term | Dairy farmers |
| Form subdivision | Biography |
| Geographic subdivision | India |
| 700 ## - ADDED ENTRY--PERSONAL NAME | |
| Personal name | పద్మిని, తుమ్మల |
| 700 ## - ADDED ENTRY--PERSONAL NAME | |
| Personal name | నరసింహారావు, అత్తలూరి |
| 942 ## - ADDED ENTRY ELEMENTS (KOHA) | |
| Source of classification or shelving scheme | Dewey Decimal Classification |
| Item type | Telugu |
| Classification part | 636.2142092 |
| Call number suffix | / KUR |
| Withdrawn status | Lost status | Source of classification or shelving scheme | Damaged status | Not for loan | Collection code | Home library | Current library | Date acquired | Cost, normal purchase price | Total Checkouts | Full call number | Barcode | Date last seen | Cost, replacement price | Koha item type |
|---|---|---|---|---|---|---|---|---|---|---|---|---|---|---|---|
| Dewey Decimal Classification | Non-fiction | D.B.Act.Division | D.B.Act.Division | 18/03/2009 | 125.00 | 636.2142092 / KUR | TL-4051 | 18/03/2009 | 125.00 | Telugu |
